| Tag |
First Indicator |
Second Indicator |
Subfields |
| LEADER |
00000cam a2200000 4500 |
| 001 |
in00000032929 |
| 005 |
20151007063253.0 |
| 008 |
720327s1967 wiu b 00010 eng u |
| 010 |
|
|
|a 67013558
|
| 035 |
|
|
|a (OCoLC)00271355
|
| 035 |
|
|
|9 AAD6976AM
|
| 040 |
|
|
|c WSU
|d TXA
|d UtOrBLW
|
| 049 |
|
|
|a TXAM
|c [472574]
|
| 050 |
|
0 |
|a PS1541.Z5
|b F7
|
| 092 |
|
|
|a 811
|b D533Yf
|
| 100 |
1 |
|
|a Franklin, R. W.
|q (Ralph William),
|d 1937-
|
| 245 |
1 |
4 |
|a The editing of Emily Dickinson ;
|b a reconsideration /
|c [by] R.W.Franklin.
|
| 264 |
|
1 |
|a Madison :
|b University of Wisconsin Press,
|c 1967.
|
| 300 |
|
|
|a xvii, 187 pages ;
|c 22 cm.
|
| 336 |
|
|
|a text
|b txt
|2 rdacontent
|
| 337 |
|
|
|a unmediated
|b n
|2 rdamedia
|
| 338 |
|
|
|a volume
|b nc
|2 rdacarrier
|
| 504 |
|
|
|a Bibliography: pages 171-175.
|
| 600 |
1 |
0 |
|a Dickinson, Emily,
|d 1830-1886.
|
| 999 |
|
|
|a MARS
|
| 999 |
f |
f |
|s 5dd518a3-a402-3f83-8ed9-aec1f90cd2f1
|i 69eb81de-8609-3500-8f7e-d200406e2e74
|t 0
|
| 952 |
f |
f |
|p ric
|a Texas A&M University
|b Rellis Campus
|c Joint Library Facility
|d Remote Storage
|t 0
|e PS1541.Z5 F7
|h Library of Congress classification
|i unmediated -- volume
|m A14801214641
|
| 998 |
f |
f |
|a PS1541.Z5 F7
|t 0
|l Remote Storage
|